| 000 | 00710nam a22002177a 4500 | ||
|---|---|---|---|
| 999 |
_c14469 _d14469 |
||
| 003 | AR-CdUCM | ||
| 008 | 190423b ||||| |||| 00| 0 spa d | ||
| 020 | _a978-607-638-458-5 | ||
| 040 |
_aMUNICIPALIDAD PROVINCIAL DEL CUSCO _cBIBLIOTECA MUNICIPAL DEL CUSCO |
||
| 082 |
_aPI / 376.1 / _bD82 |
||
| 110 |
_aDisney Enterprises _933259 |
||
| 245 | _aAbrazos de Mickey / | ||
| 260 |
_aMexico : _bAdvanced marketing, _c2015. |
||
| 300 |
_a8 paginas ; _bIlustraciones, _c25 cm. |
||
| 500 | _aTitulo original : Mickey Mouse chub house | ||
| 650 |
_aMickey _933268 |
||
| 650 |
_aCuento de niños _933269 |
||
| 700 |
_aTorre, Adriana de la (Traducción) _933263 |
||
| 942 |
_2ddc _cLIBROS |
||
| 945 |
_awnts _d2019-04-23 |
||